| 000 | 01834nam a2200385 a 4500 | ||
|---|---|---|---|
| 001 | ebr10116474 | ||
| 003 | CaPaEBR | ||
| 006 | m u | ||
| 007 | cr cn||||||||| | ||
| 008 | 030930s2004 vau s 101 0 eng | ||
| 010 | _z 2003113474 | ||
| 020 | _z1586033921 | ||
| 040 |
_aCaPaEBR _cCaPaEBR |
||
| 035 | _a(OCoLC)559967409 | ||
| 043 |
_ae------ _an------ |
||
| 050 | 1 | 4 |
_aUA646.3 _b.N22784 2004eb |
| 082 | 0 | 4 |
_a355/.031/091821 _222 |
| 111 | 2 |
_aNATO Advanced Research Workshop on Future NATO Security _d(2003 : _cPrague, Czech Republic) |
|
| 245 | 1 | 0 |
_aFuture NATO security _h[electronic resource] : _baddressing the challenges of evolving security and information sharing systems and architectures / _cedited by Martin Edmonds and Oldrich Cerny. |
| 260 |
_aBurke, VA : _bIOS Press, _cc2004. |
||
| 300 | _axii, 153 p. | ||
| 490 | 1 |
_aNATO science series. Series V, Science and technology policy, _x1387-6708 ; _vv. 40 |
|
| 500 | _a"Proceedings of the NATO Advanced Research Workshop on Future NATO Security, 8-10 March 2003, Prague, Czech Republic"--t.p. verso. | ||
| 500 | _aIncludes index. | ||
| 533 |
_aElectronic reproduction. _bPalo Alto, Calif. : _cebrary, _d2013. _nAvailable via World Wide Web. _nAccess may be limited to ebrary affiliated libraries. |
||
| 610 | 2 | 0 |
_aNorth Atlantic Treaty Organization _xMilitary policy _vCongresses. |
| 650 | 0 |
_aSecurity, International _vCongresses. |
|
| 650 | 0 |
_aWorld politics _y21st century _vCongresses. |
|
| 655 | 7 |
_aElectronic books. _2local |
|
| 700 | 1 |
_aEdmonds, Martin, _d1939- |
|
| 700 | 1 | _aCerny, Oldrich. | |
| 710 | 2 | _aebrary, Inc. | |
| 830 | 0 |
_aNATO science series. _nSeries V, _pScience and technology policy ; _vv. 40. |
|
| 856 | 4 | 0 |
_uhttp://site.ebrary.com/lib/rucke/Doc?id=10116474 _zAn electronic book accessible through the World Wide Web; click to view |
| 999 |
_c208742 _d208742 |
||